LIBRARY & INFORMATION CENTRE, KCAET, TAVANUR

ONLINE PUBLIC ACCESS CATALOGUE (OPAC)

Functional analysis / (Record no. 9907)

MARC details
000 -LEADER
fixed length control field 00453cam a2200193ua 4500
041 ## - LANGUAGE CODE
Language code of text/sound track or separate title eng
082 ## - DEWEY DECIMAL CLASSIFICATION NUMBER
Classification number 515.7
Item number SAR/FU
100 ## - MAIN ENTRY--AUTHOR NAME
Personal name Saran, N .
245 ## - TITLE STATEMENT
Title Functional analysis /
260 ## - PUBLICATION, DISTRIBUTION, ETC. (IMPRINT)
Place of publication Meerut :
Name of publisher Pragati Prakashan ,
Year of publication 1984.
300 ## - PHYSICAL DESCRIPTION
Number of Pages 240 ; .
700 1# - ADDED ENTRY--PERSONAL NAME
Personal name Shukla, S L .
942 ## - ADDED ENTRY ELEMENTS (KOHA)
Koha item type Books
Holdings
Withdrawn status Lost status Damaged status Home library Current library Date acquired Full call number Accession Number Koha item type
      KAUAET KAUAET 07/04/2012 515.7 14726 Books
      KAUAET KAUAET 07/04/2012 515.7 14727 Books
free website counter